| 000 | 02280namaa22004097i 4500 | ||
|---|---|---|---|
| 001 | 768714001 | ||
| 003 | CO-MdFUSB | ||
| 005 | 20260225155615.0 | ||
| 007 | cr aa aaaaa | ||
| 008 | 180403s2024 ck ||||| |||| 00| 0 spa dd | ||
| 040 |
_aCO-MdFUSB _bEspañol _cCO-MdFUSB _dCO-MdFUSB |
||
| 041 | _aspa | ||
| 043 | _ack | ||
| 100 |
_aDaza Hurtado, Karen Johana, _eautor |
||
| 245 |
_aPropuesta de consejería bíblica para el manejo de las problemáticas propias de la preadolescencia que, a causa de la presión social, se resuelven afectando el sano desarrollo de la identidad. _c/ Karen Johana Daza Hurtado ; asesorado por Gloria Patricia Montoya |
||
| 264 | 1 |
_aMedellín, Colombia : _bFUSBC, _c2024 |
|
| 300 | _aRecurso electrónico | ||
| 336 |
_2rdacontent _atexto _btxt |
||
| 337 |
_2rdamedia _ainformático _bc |
||
| 338 |
_2rdacarrier _aremoto _bcr |
||
| 502 |
_aTrabajo de grado _b(Teología) -- _cFundación Universitaria Seminario Bíblico de Colombia, _d2024 |
||
| 504 | _aBibliografía (página 69) | ||
| 505 | _aFundamentos teóricos sobre el desarrollo del adolescente. -- La Consejería: aspectos teológicos, antropológicos y eclesiales. -- Propuesta para una consejería bíblica aplicada a la adolescencia. | ||
| 506 | _aAcceso en línea | ||
| 520 | _aLa adolescencia es un período de transformación que trae consigo cambios físicos, cognoscitivos y sociales, desencadenando una crisis de identidad que sitúa a los adolescentes en un estado de vulnerabilidad. Si bien esto puede poner en riesgo su integridad física y mental, también es la oportunidad de conocer a Dios íntimamente, y encontrar su verdadera identidad en Cristo. Con un acompañamiento eficaz por parte de consejeros y adultos idóneos, los adolescentes podrán experimentar el amor y cuidado del Padre en medio de la comunidad de fe, convirtiendo esta etapa en una caótica bendición. | ||
| 535 | _aRecurso en REPCI | ||
| 653 | _aAdolescencia | ||
| 653 | _aCrisis de identidad | ||
| 653 | _aConsejería | ||
| 653 | _aVínculo afectivo | ||
| 653 | _aPresión social | ||
| 653 | _aAcompañamiento | ||
| 700 |
_aMontoya, Gloria Patricia, _easesor _911793 |
||
| 856 |
_aREPCI _dhttps://repositorio.repci.co/handle/123456789/762 |
||
| 942 | _cTG | ||
| 999 |
_c71403 _d71403 |
||